Normal view
MARC view
Entry Genre/Form Term
001 - CONTROL NUMBER
- control field: 12280
003 - CONTROL NUMBER IDENTIFIER
- control field: ARRUPE
005 - DATE AND TIME OF LATEST TRANSACTION
- control field: 20141029114018.0
008 - FIXED-LENGTH DATA ELEMENTS
- fixed length control field: 141029|| aca||aabn | a|a d
040 ## - CATALOGING SOURCE
- Original cataloging agency: ARRUPE
- Transcribing agency: ARRUPE
155 ## - HEADING--GENRE/FORM TERM
- Genre/form term: Humorous fiction.
670 ## - SOURCE DATA FOUND
- Source citation: Work cat.: (ARRUPE)0: Oguine, Ike. 12278, A squatter's tale /, 2000.